German cities by picture - Statistics

General Stats
  • This quiz has been taken 34 times
  • The average score is 12 of 18
Answer Stats
Picture Answer % Correct
Cologne
100%
Berlin
94%
Frankfurt
94%
Hamburg
94%
Dortmund
87%
Bremen
84%
Dresden
84%
München
81%
Leipzig
61%
Stuttgart
61%
Potsdam
55%
Wolfsburg
52%
Nürnberg
48%
Wuppertal
45%
Bonn
39%
Heidelberg
29%
Garmisch-Partenkirchen
26%
Freiburg
23%
No matching quizzes found
Score Distribution
Percent of People with Each Score
Percentile by Number Answered
Your Score History
You have not taken this quiz